Liedtext Schlümpfe Song - Statistiken

Allgemein
  • Dieses Quiz wurde 78 mal gespielt
  • Das Durchschnittsergebnis liegt bei 75 aus 177
Antwortstatistiken
Antwort % Korrekt
kommt
80%
wo
80%
ihr
77%
ihr?
77%
Sag
77%
her?
74%
wir
74%
Wir
74%
Aus
73%
aus
73%
denn
73%
mal
73%
Schlumpfhausen
73%
Schlumpfhausen?
73%
bitte
71%
sehr
71%
da
70%
La La La
66%
La La La(hey)
66%
La La La La
66%
Ja
64%
Ja,
64%
wie
64%
alle
63%
so
63%
So
63%
die
61%
Sehen
60%
seh´n
60%
Schlümpfe?
57%
Schlümpfe
57%
es
54%
Der
53%
der
53%
ein
53%
sind
50%
ich
47%
Ich
47%
mit
47%
das
43%
Du
43%
in
43%
Gibt
40%
gibt
40%
Lied
40%
auch
39%
Warum
39%
an
37%
Und
37%
singen
36%
viel,
36%
Was
36%
wollen
36%
Habt
34%
nicht
34%
dir
33%
euch
33%
uns
33%
auf
31%
fängt
31%
kenn
31%
noch
31%
am
30%
klein?
30%
einem
29%
viele
29%
vor
29%
Flötenschlumpf
27%
nur
27%
sein?
27%
sein
27%
Soll
27%
einmal
26%
gar
26%
singt
26%
einen
24%
schönen
24%
Chor
23%
geh´n
23%
hier
23%
ins
23%
nem
23%
Strümpfe
23%
zusammen
21%
größer
21%
kaputte
21%
Pausen
21%
seit
21%
tanzen
21%
aber
20%
Bein
20%
eigentlich
20%
nun
20%
tun?
19%
durch
17%
Geht
17%
Liebsten
17%
ohne
17%
schulen
17%
Spiel
17%
Bett?
16%
muss
16%
Schlümpfen
16%
auszuruhn
14%
fein?
14%
komplett
14%
Schlüsselloch?
14%
Schlüsselloch
14%
sonst
14%
Stimme
14%
Finden
13%
Nehmt
13%
bringen?
11%
Badewanne
10%
Mützen
10%
Wirklich
10%
zweite
10%
Liedlein
9%
Wasserhahn?
9%
Wasserhahn
9%
sir!
7%
Yes,
7%
möchtet
3%
Keine übereinstimmenden Quizze gefunden
Verteilung der Resultate
Anzahl Personen mit jedem Resultat
Perzentil nach korrekt beantworteten Fragen
Ihre Resultats-Entwicklung
Sie haben dieses Quiz noch nicht gespielt